| 000 | 00368nam a2200145Ia 4500 | ||
|---|---|---|---|
| 008 | 230917s9999||||xx |||||||||||||| ||und|| | ||
| 040 |
_e74454 _aMAIN |
||
| 041 | _aEnglish | ||
| 082 | _a332.03 M724C | ||
| 100 | _aMoffat, Donald, ed | ||
| 245 | 0 | _aconcise best book of business finance | |
| 260 |
_aNew Jersey _bPrentice-Hall _c1975 |
||
| 300 | _a387 p. | ||
| 942 | _cBK | ||
| 999 |
_c42074 _d42074 |
||